000 00630nam a2200205Ia 4500
001 15174
003 GE_BSU
008 181216s||||||||xx |||||||||||||| ||und||
040 _cGE_BSU
080 _a821.353.1-1
100 _aშალამბერიძე, ოთარ
245 _aლექსები
245 _cრედ:ლ.ნატიაშვილი;მხატვ:გ.ქუთათელაძე
260 _aთბილისი.
260 _bსაბჭოთა საქართველო
260 _c1965
300 _a64გვ;16სმ
653 _aლექსები
942 _cBK
999 _c48289
_d48289